[Event "ITA-ch U16"]
[Site "Tarvisio"]
[Date "2014.07.01"]
[Round "4"]
[White "Bergamasco, Tommaso"]
[Black "Piazza, Dario"]
[Result "1-0"]
[WhiteElo "1814"]
[BlackElo "1950"]
[PlyCount "105"]
[EventDate "2014.06.29"]
[EventType "swiss"]
[EventRounds "9"]
[EventCountry "ITA"]
[SourceTitle "EXT 2015"]
[Source "ChessBase"]
[SourceDate "2014.11.20"]
[SourceVersion "1"]
[SourceVersionDate "2014.11.20"]
[SourceQuality "1"]

1. e4 d5 2. exd5 Qxd5 3. Nf3 Nf6 4. d4 Bg4 5. Be2 e6 6. h3 Bh5 7. c4 Qa5+ 8. Nc3 Ne4 9. 0-0 Nxc3 10. bxc3 Nd7 11. Qb3 Qb6 12. Be3 c5 13. Qa4 Qc6 14. Qxc6 bxc6 15. Rab1 0-0-0 16. Bf4 f6 17. Rb3 g5 18. Bh2 Bg6 19. a4 h5 20. Ra1 g4 21. Nh4 Be4 22. f3 gxf3 23. Bxf3 Bxf3 24. Nxf3 Bg7 25. Rab1 e5 26. dxe5 fxe5 27. Ng5 Rde8 28. Nf7 Rh6 29. Nxh6 Bxh6 30. Rb7 Nb6 31. Rxa7 Nxc4 32. Ra8+ Kd7 33. Rb7+ Kd6 34. Rxe8 Kd5 35. Rd7+ Ke4 36. Rd1 Be3+ 37. Kh1 Kf5 38. Rf1+ Ke4 39. Re1 Kd3 40. Rxe3+ Kxe3 41. Bxe5 Kd3 42. Bg7 Kc2 43. Ra8 Kb3 44. a5 Ka4 45. a6 Kb5 46. g4 hxg4 47. hxg4 Ne3 48. g5 Nf5 49. Be5 Nh4 50. Bd6 Kb6 51. Bxc5+ Kxc5 52. a7 Kb6 53. Rh8 1-0

[Event "Terre degli Elimi op 4th"]
[Site "Erice"]
[Date "2013.07.25"]
[Round "3"]
[White "Novak, Ksenija"]
[Black "Piazza, Dario"]
[Result "1/2-1/2"]
[WhiteElo "2099"]
[BlackElo "1881"]
[PlyCount "66"]
[EventDate "2013.07.24"]
[EventType "swiss"]
[EventRounds "7"]
[EventCountry "ITA"]
[SourceTitle "EXT 2015"]
[Source "ChessBase"]
[SourceDate "2014.11.20"]
[SourceVersion "1"]
[SourceVersionDate "2014.11.20"]
[SourceQuality "1"]

1. Nf3 d5 2. c4 e6 3. g3 Nf6 4. Bg2 c5 5. 0-0 Nc6 6. b3 Be7 7. Bb2 d4 8. d3 Qc7 9. e3 e5 10. exd4 exd4 11. Bc1 Bf5 12. Bf4 Qd7 13. Re1 0-0-0 14. Ng5 Rdf8 15. a3 Bd6 16. Bxd6 Qxd6 17. Ne4 Bxe4 18. dxe4 g5 19. b4 Nd7 20. Nc3 h5 21. Nd5 h4 22. Rb1 hxg3 23. hxg3 Rh7 24. bxc5 Qxc5 25. Qb3 b6 26. Qa4 Kb7 27. e5 Rc8 28. e6 fxe6 29. Rxe6 Rf7 30. Nb4 Ndb8 31. Rbe1 a5 32. R1e5 Qxc4 33. Re7+ Rc7 1/2-1/2

[Event "Terre degli Elimi op 4th"]
[Site "Erice"]
[Date "2013.07.24"]
[Round "1"]
[White "Bartel, Marta"]
[Black "Piazza, Dario"]
[Result "1-0"]
[WhiteElo "2297"]
[BlackElo "1881"]
[PlyCount "68"]
[EventDate "2013.07.24"]
[EventType "swiss"]
[EventRounds "7"]
[EventCountry "ITA"]
[SourceTitle "EXT 2015"]
[Source "ChessBase"]
[SourceDate "2014.11.20"]
[SourceVersion "1"]
[SourceVersionDate "2014.11.20"]
[SourceQuality "1"]

1. Nf3 d5 2. g3 Bf5 3. Bg2 Nf6 4. c4 c6 5. Qb3 Qc7 6. 0-0 e6 7. d3 Bd6 8. Nc3 Nbd7 9. cxd5 exd5 10. Bd2 0-0 11. Rac1 Nc5 12. Qd1 Qd7 13. b4 Ne6 14. Nh4 Bg4 15. h3 Bh5 16. g4 Nxg4 17. hxg4 Bxg4 18. f3 Bh5 19. Bh3 Qc7 20. Kh1 Bxb4 21. Qe1 Bxc3 22. Bxc3 Rad8 23. Rg1 d4 24. Bd2 Kh8 25. Bxe6 fxe6 26. Rg5 Rd5 27. Qg1 Qe7 28. Qg3 Rg8 29. Rg1 Rxg5 30. Bxg5 Qd7 31. Bf6 c5 32. Be5 b5 33. Qf4 Qf7 34. Qg5 h6 1-0

[Event "ITA-ch U16"]
[Site "Courmayeur"]
[Date "2013.07.02"]
[Round "4"]
[White "Piazza, Dario"]
[Black "Marzaduri, Riccardo"]
[Result "0-1"]
[WhiteElo "1881"]
[BlackElo "1944"]
[PlyCount "92"]
[EventDate "2013.06.30"]
[EventType "swiss"]
[EventRounds "9"]
[EventCountry "ITA"]
[SourceTitle "EXT 2015"]
[Source "ChessBase"]
[SourceDate "2014.11.20"]
[SourceVersion "1"]
[SourceVersionDate "2014.11.20"]
[SourceQuality "1"]

1. e4 e6 2. d4 d5 3. Nc3 Nc6 4. e5 Nge7 5. Bg5 h6 6. Bxe7 Nxe7 7. Bd3 Nf5 8. Bxf5 exf5 9. Qf3 Be6 10. Nge2 c6 11. Nf4 Qd7 12. a3 Be7 13. h4 g6 14. Na4 b6 15. b3 0-0-0 16. Qd3 g5 17. Nxe6 fxe6 18. hxg5 hxg5 19. 0-0-0 Bxa3+ 20. Kb1 b5 21. Nc3 Qg7 22. Ka2 Bb4 23. Kb2 Ba5 24. Ne2 Rxh1 25. Rxh1 Rh8 26. Ra1 Bb6 27. c4 bxc4 28. bxc4 Qb7 29. Kc2 Kd7 30. c5 Bc7 31. Rb1 Qa8 32. Qg3 Bd8 33. Nc3 f4 34. Qd3 Rh2 35. Qa6 Rxg2 36. Rb7+ Bc7 37. Nxd5 Rxf2+ 38. Kc3 exd5 39. e6+ Kxe6 40. Qxc6+ Kf5 41. Qxd5+ Kg4 42. Qe6+ Kg3 43. Rxc7 Qf3+ 44. Kc4 Rc2+ 45. Kb5 Rb2+ 46. Ka4 Qd1+ 0-1

[Event "Terre degli Elimi op 3rd"]
[Site "Erice"]
[Date "2012.07.29"]
[Round "6"]
[White "Piazza, Dario"]
[Black "Bifulco, Michel"]
[Result "1/2-1/2"]
[WhiteElo "1832"]
[BlackElo "2040"]
[PlyCount "35"]
[EventDate "2012.07.25"]
[EventType "swiss"]
[EventRounds "7"]
[EventCountry "ITA"]
[SourceTitle "EXT 2013"]
[Source "ChessBase"]
[SourceDate "2012.11.22"]
[SourceVersion "1"]
[SourceVersionDate "2012.11.22"]
[SourceQuality "1"]

1. d4 e6 2. Nf3 f5 3. Bg5 Be7 4. Bxe7 Qxe7 5. c3 b6 6. Nbd2 Bb7 7. Qc2 Nf6 8. e3 0-0 9. Bd3 Kh8 10. 0-0-0 a5 11. e4 fxe4 12. Nxe4 Nxe4 13. Bxe4 Bxe4 14. Qxe4 Na6 15. Rhe1 Qf6 16. Re3 Qf5 17. Qh4 Qf6 18. Qh5 1/2-1/2

[Event "Trapani Province-ch"]
[Site "Erice"]
[Date "2012.01.29"]
[Round "6"]
[White "Piazza, Dario"]
[Black "Lo Piccolo, Antonino"]
[Result "1-0"]
[WhiteElo "1817"]
[BlackElo "1843"]
[PlyCount "95"]
[EventDate "2012.01.15"]
[EventType "swiss"]
[EventRounds "6"]
[EventCountry "ITA"]
[SourceTitle "EXT 2024"]
[Source "ChessBase"]
[SourceDate "2023.10.10"]
[SourceVersion "1"]
[SourceVersionDate "2023.10.10"]
[SourceQuality "1"]

1. d4 d5 2. Nf3 Nf6 3. e3 g6 4. Nbd2 Bg7 5. Be2 0-0 6. 0-0 Bg4 7. b3 c5 8. Bb2 cxd4 9. Bxd4 Nc6 10. Bb2 Rc8 11. c4 e6 12. h3 Bxf3 13. Bxf3 Nb4 14. Qe2 dxc4 15. Nxc4 Nfd5 16. Bxg7 Kxg7 17. Qb2+ Qf6 18. Qxf6+ Kxf6 19. a3 Nc6 20. Rfe1 Rfd8 21. e4 Nf4 22. e5+ Ke7 23. Nd6 Rc7 24. Bxc6 Rxc6 25. Nxb7 Rd5 26. Re4 Nd3 27. b4 Nxe5 28. a4 a6 29. Nc5 Nd7 30. Nxd7 Rxd7 31. Rb1 Rd5 32. b5 Rb6 33. Reb4 axb5 34. axb5 e5 35. Kf1 Ke6 36. Ke2 f5 37. g3 Kd6 38. Ke3 Kc5 39. R4b3 Rd4 40. Kf3 g5 41. R1b2 h5 42. Rb1 Rc4 43. R1b2 Rc1 44. g4 hxg4+ 45. hxg4 e4+ 46. Ke3 fxg4 47. Kxe4 Rc4+ 48. Kf5 1-0

[Event "Sicilia Regional-ch"]
[Site "Marsala"]
[Date "2011.06.05"]
[Round "7"]
[White "Melograni, Francesco"]
[Black "Piazza, Dario"]
[Result "1-0"]
[WhiteElo "1862"]
[BlackElo "1751"]
[PlyCount "41"]
[EventDate "2011.06.01"]
[EventType "swiss"]
[EventRounds "7"]
[EventCountry "ITA"]
[SourceTitle "EXT 2023"]
[Source "ChessBase"]
[SourceDate "2022.10.05"]
[SourceVersion "1"]
[SourceVersionDate "2022.10.05"]
[SourceQuality "1"]

1. e4 e5 2. Nc3 Nc6 3. Bc4 Nf6 4. d3 d6 5. Nge2 Be7 6. 0-0 Be6 7. Bb3 Bxb3 8. axb3 d5 9. exd5 Nxd5 10. Nxd5 Qxd5 11. Nc3 Qd7 12. f4 0-0 13. fxe5 Bc5+ 14. Kh1 Nxe5 15. Ra4 Rad8 16. Qh5 f6 17. Raf4 Qf7 18. Qh3 Ng6 19. Rf5 Bd6 20. Ne4 h6 21. Bxh6 1-0

[Event "Trapani Province-ch"]
[Site "Erice"]
[Date "2011.02.12"]
[Round "1"]
[White "Krumbiegel, Michael"]
[Black "Piazza, Dario"]
[Result "0-1"]
[WhiteElo "1458"]
[BlackElo "1716"]
[PlyCount "94"]
[EventDate "2011.02.12"]
[EventType "swiss"]
[EventRounds "6"]
[EventCountry "ITA"]
[SourceTitle "EXT 2024"]
[Source "ChessBase"]
[SourceDate "2023.10.10"]
[SourceVersion "1"]
[SourceVersionDate "2023.10.10"]
[SourceQuality "1"]

1. e4 d6 2. Nf3 Bg4 3. Be2 Nd7 4. c3 Ngf6 5. d3 e5 6. Be3 Be7 7. Qb3 b6 8. d4 Nxe4 9. Bd3 Nef6 10. Ng5 d5 11. h3 Be6 12. Nxe6 fxe6 13. Bb5 0-0 14. Bc6 Rb8 15. c4 exd4 16. Bxd4 Nc5 17. Bxc5 Bxc5 18. f3 Qd6 19. cxd5 exd5 20. Bb5 c6 21. Bf1 Rbe8+ 22. Kd1 Qg3 23. Qc3 Re3 24. Qd2 Rfe8 25. Be2 Rxe2 26. Nc3 Rxd2+ 27. Kxd2 Qf2+ 28. Kc1 Re1+ 29. Rxe1 Qxe1+ 30. Nd1 Be3+ 31. Kc2 Qd2+ 32. Kb3 Nd7 33. a3 Nc5+ 34. Ka2 Bd4 35. g4 Na4 36. Rb1 Nc3+ 37. Nxc3 Bxc3 38. h4 Kf7 39. f4 Bd4 40. f5 a5 41. g5 a4 42. g6+ hxg6 43. fxg6+ Kxg6 44. h5+ Kh7 45. Ka1 Qc2 46. Ka2 Qb3+ 47. Ka1 Qxa3# 0-1

[Event "Trapani Province-ch"]
[Site "Erice"]
[Date "2011.02.12"]
[Round "5"]
[White "Piazza, Dario"]
[Black "Lo Piccolo, Antonino"]
[Result "1-0"]
[WhiteElo "1716"]
[BlackElo "1851"]
[PlyCount "29"]
[EventDate "2011.02.12"]
[EventType "swiss"]
[EventRounds "6"]
[EventCountry "ITA"]
[SourceTitle "EXT 2024"]
[Source "ChessBase"]
[SourceDate "2023.10.10"]
[SourceVersion "1"]
[SourceVersionDate "2023.10.10"]
[SourceQuality "1"]

1. e4 c5 2. Nf3 Nc6 3. Bb5 g6 4. Nc3 Bg7 5. 0-0 e6 6. d3 Nge7 7. Be3 Nd4 8. Nd2 Nxb5 9. Nxb5 Qb6 10. Nc4 Qc6 11. Nbd6+ Kf8 12. Qf3 f5 13. Qf4 e5 14. Qh4 b5 15. Bh6 1-0

[Event "Nicolo La Rosa op 18th"]
[Site "Mazara del Vallo"]
[Date "2010.08.18"]
[Round "1"]
[White "Piazza, Dario"]
[Black "Savalla, Gianluca"]
[Result "1-0"]
[WhiteElo "1662"]
[BlackElo "1362"]
[PlyCount "79"]
[EventDate "2010.08.18"]
[EventType "swiss"]
[EventRounds "9"]
[EventCountry "ITA"]
[SourceTitle "EXT 2024"]
[Source "ChessBase"]
[SourceDate "2023.10.10"]
[SourceVersion "1"]
[SourceVersionDate "2023.10.10"]
[SourceQuality "1"]

1. e4 e5 2. Nf3 Nf6 3. Nxe5 d6 4. Nf3 Nxe4 5. Qe2 Qe7 6. d3 Nf6 7. Bg5 Qxe2+ 8. Bxe2 Be7 9. Nc3 Nc6 10. Nb5 Bd8 11. Bxf6 gxf6 12. 0-0-0 Rg8 13. Rhe1 Be6 14. Bf1 a6 15. Nc3 Be7 16. g3 0-0-0 17. Bg2 Bg4 18. h3 Be6 19. d4 d5 20. a3 Bf5 21. Nh2 h5 22. Nxd5 Bd6 23. Nxf6 Rh8 24. Bxc6 bxc6 25. h4 Rh6 26. Ne4 Bxe4 27. Rxe4 Rf6 28. Re2 Bf8 29. c3 Bh6+ 30. Kc2 Kd7 31. Rd3 Re8 32. Rxe8 Rxf2+ 33. Kb3 Kxe8 34. Nf3 Bc1 35. Ne5 Rxb2+ 36. Ka4 Rb6 37. Rf3 Ke7 38. Rxf7+ Kd6 39. Nc4+ Ke6 40. Rxc7 1-0

[Event "Erice op 1st"]
[Site "Erice"]
[Date "2010.07.31"]
[Round "4"]
[White "Lo Piccolo, Antonino"]
[Black "Piazza, Dario"]
[Result "1-0"]
[WhiteElo "1879"]
[BlackElo "1662"]
[PlyCount "75"]
[EventDate "2010.07.28"]
[EventType "swiss"]
[EventRounds "7"]
[EventCountry "ITA"]
[SourceTitle "EXT 2024"]
[Source "ChessBase"]
[SourceDate "2023.10.10"]
[SourceVersion "1"]
[SourceVersionDate "2023.10.10"]
[SourceQuality "1"]

1. c4 e5 2. Nc3 Nf6 3. Nf3 Nc6 4. g3 d6 5. Bg2 Be7 6. 0-0 0-0 7. d4 exd4 8. Nxd4 Nxd4 9. Qxd4 c6 10. Rd1 Be6 11. b3 Qd7 12. Bb2 Rfd8 13. e4 Bh3 14. Rd2 Bxg2 15. Kxg2 c5 16. Qe3 Qc6 17. Re1 Rd7 18. f3 Re8 19. Qd3 a6 20. Nd5 Nxd5 21. Qxd5 Qxd5 22. Rxd5 f6 23. Red1 Red8 24. Bc3 b6 25. f4 Kf7 26. Kf3 Ke6 27. g4 g5 28. f5+ Kf7 29. h4 h6 30. hxg5 hxg5 31. Rh1 Rg8 32. Rd2 Rg7 33. e5 fxe5 34. Bxe5 Rg8 35. Rh7+ Ke8 36. Bc3 b5 37. Re2 Rf8 38. f6 1-0

[Event "Nicolo La Rosa op 17th"]
[Site "Mazara del Vallo"]
[Date "2009.08.09"]
[Round "5"]
[White "Piazza, Dario"]
[Black "Lo Piccolo, Antonino"]
[Result "0-1"]
[WhiteElo "1533"]
[BlackElo "1719"]
[PlyCount "50"]
[EventDate "2009.08.07"]
[EventType "swiss"]
[EventRounds "6"]
[EventCountry "ITA"]
[SourceTitle "EXT 2011"]
[Source "ChessBase"]
[SourceDate "2010.11.26"]
[SourceVersion "1"]
[SourceVersionDate "2010.11.26"]
[SourceQuality "1"]

1. e4 c5 2. Nc3 d6 3. f4 Nc6 4. Nf3 g6 5. Bb5 Bg7 6. d4 cxd4 7. Nxd4 Bd7 8. Bxc6 bxc6 9. 0-0 Qb6 10. Nce2 e5 11. fxe5 dxe5 12. Be3 exd4 13. Nxd4 Qb4 14. c3 Qe7 15. Bf4 Nf6 16. e5 Nd5 17. Qf3 0-0 18. c4 Nxf4 19. Qxf4 Bxe5 20. Rae1 f6 21. Qd2 Qc5 22. Re4 Bf5 23. Rxf5 gxf5 24. Rh4 Rad8 25. b4 Rxd4 0-1